| 000 | 00360nam a2200157Ia 4500 | ||
|---|---|---|---|
| 008 | 210210b1944 xxu||||| |||| 00| 0 eng d | ||
| 041 | _aeng | ||
| 082 | _a822/1069 | ||
| 100 | _aSAVA (G) | ||
| 245 | _aSurgeons symphony | ||
| 260 |
_aLondon _bFaber & Faber _c1944 |
||
| 650 | _asymphony | ||
| 650 | _aSurgeons | ||
| 690 | _aEnglish Prose | ||
| 906 | _a013252 | ||
| 999 |
_c132110 _d132110 |
||